01703 a2200205 45000010006000000050017000060080041000230030015000640400040000790800097001192450070002160200022002862640096003083000019004045050856004230410008012791000086012877000029013738560095014024440720260407155721.0260407a2017 arg spa dAR-UNSa-BCEJYS aAR-UNSa-BCEJYSbspacAR-UNSa-BCEJYS a338.43xAgricultura como una rama de la economía. Economía de los productos alimenticios10aPolítica industrial rural y fortalecimiento de cadenas de valor a978-92-1-121952-4 1aSantiago de Chile :bCEPAL (Comisión Económica para América Latina y el Caribe)c2017 a236 p.c22 cm. aCapítulo I. Desafíos en materia de desarrollo productivo en el espacio rural de Centroamérica y la República Dominicana / Verónica Quiroz Estrada - Capítulo II. Política industrial rural / Ramón Padilla Pérez, Verónica Quiroz Estrada - Capítulo III. Metodología para el fortalecimiento de cadenas de valor / Ramón Padilla Pérez, Nahuel Oddone - Capítulo IV. La selección de cadenas de valor en el contexto de una política industrial / Caroline Gomes Nogueira, Ramón Padilla Pérez, Francisco G. Villarreal - Capítulo V. El fortalecimiento de cadenas de valor de productos primarios y agroindustriales / Ramón Padilla Pérez - Capítulo VI. El fortalecimiento de las cadenas de valor turísticas en los espacios rurales / Stefanie Garry, Nahuel Oddone - Capítulo VII. Conclusiones / Ramón Padilla Pérez aspa1 aNaciones Unidas. Comisión Económica para América Latina y el Caribe (CEPAL)1 aPadilla Pérez, Ramón41uhttps://biblioeco.unsa.edu.ar/pmb/images/libros/L126876.jpgyImagen de portadaqimage/jpeg